MARC

LEADER 00000nam0a2200000 4500
001 298732
005 20231102001131.0
020 |a RU  |b 85-97554 
035 |a (RuTPU)RU\TPU\book\323875 
035 |a RU\TPU\book\312915 
090 |a 298732 
100 |a 20150620g1982 km y0rusy5003 ca 
101 0 |a rus 
102 |a RU 
105 |a y i 000zy 
200 1 |a Народное хозяйство РСФСР в 1981 г.  |e статистический ежегодник  |f СССР, Центральное статистическое управление (ЦСУ) 
210 |a Москва  |c Финансы и статистика  |d 1982 
215 |a 330 с. 
306 |a Изд. выходит с 1959 г. 
606 1 |a Экономика  |x Статистика  |y Россия  |y СССР  |2 stltpush  |3 (RuTPU)RU\TPU\subj\64446  |9 81344 
610 1 |a народное хозяйство 
610 1 |a культурное строительство 
610 1 |a РСФСР 
610 1 |a статистические данные 
610 1 |a статистические материалы 
610 1 |a статистические показатели 
610 1 |a население 
610 1 |a промышленность 
610 1 |a сельское хозяйство 
610 1 |a капитальное строительство 
610 1 |a труд 
610 1 |a благосостояние 
610 1 |a торговля 
610 1 |a транспорт 
610 1 |a здравоохранение 
610 1 |a финансы 
686 |a У9(2)0-05  |2 rubbk 
712 0 1 |a СССР  |b Центральное статистическое управление (ЦСУ)  |c (Москва)  |c (1927-1930, 1948-1987)  |2 stltpush  |3 (RuTPU)RU\TPU\col\14482 
801 0 |a RU  |b RuMRKP  |c 19950704  |g psbo 
801 1 |a RU  |b 63413507  |c 20150325 
801 2 |a RU  |b 63413507  |c 20190205  |g RCR 
942 |c BK